[Event "FRA-ch"]
[Site "Val d'Isere"]
[Date "2002.08.20"]
[Round "2"]
[White "Fontaine, Robert"]
[Black "Lautier, Joel"]
[Result "0-1"]
[WhiteElo "2514"]
[BlackElo "2663"]
[Annotator "Lautier,J"]
[PlyCount "72"]
[EventDate "2002.08.19"]
[EventType "tourn"]
[EventRounds "11"]
[EventCountry "FRA"]
[EventCategory "13"]
[SourceTitle "CBM 091"]
[Source "ChessBase"]
[SourceDate "2002.11.12"]
[SourceVersion "1"]
[SourceVersionDate "2002.11.12"]
[SourceQuality "1"]

1. e4 c5 2. Nf3 d6 3. d4 cxd4 4. Nxd4 Nf6 5. Nc3 a6 6. f3 e5 7. Nb3 Be6 8. Be3
Be7 9. Qd2 O-O 10. O-O-O Nbd7 11. g4 Qc7 12. g5 Nh5 13. Nd5 $5 Bxd5 14. exd5 (
14. Qxd5 Rfc8 15. Qd2 Nb6 $11) 14... a5 (14... Nb6 15. Na5 (15. Qa5 Rfc8 16. c3
Nc4 17. Qxc7 Rxc7 18. Bxc4 Rxc4 $11) (15. Qb4 Rfc8 16. c3 Nc4 $11) 15... Rac8
16. Kb1 $14 (16. Bh3 $2 Nxd5 $19)) 15. Kb1 (15. a4 $2 Nb6 16. Bb5 Nc4 17. Qc3
Rfc8 $15) 15... Rfc8 $6 (15... Nb6 $6 16. Nxa5 Nxd5 17. Qxd5 Rxa5 18. Qb3 $36)
(15... a4 $142 16. Nc1 Nb6) 16. Bh3 $1 Qd8 (16... a4 17. Nc1 a3 (17... Qd8 $6
18. Nd3 $16) 18. b3 {/\ Ne2, Bg4} Nf4 19. Bxf4 exf4 20. Rhg1 $14) 17. Bg4 Nf4 (
17... a4 18. Bxh5 axb3 19. cxb3 $16) 18. Bxf4 (18. h4 $6 Rc4 $11) 18... exf4
19. h4 $6 (19. Qxf4 Rc7 $5 (19... a4 20. Nd4 Rc5 21. Bxd7 Qxd7 {->> 19.Bd7})
20. Bxd7 (20. h4 Ne5 $44) 20... Bxg5 21. Qxd6 Rxd7 22. Qe5 Bf6 23. Qe4 a4 24.
Nc1 (24. Nc5 Rc7 (24... Qb6 25. Nd3) 25. Nd3 Rac8 $132) 24... Qb6 25. Nd3 $13)
(19. Bxd7 $1 Qxd7 20. Qxf4 a4 21. Nd4 Rc5 (21... Rc4 22. h4 Ra5 23. Qf5 Qc7 24.
h5 a3 25. g6 Bf6 26. gxh7+ Kh8 27. h6 Rxd4 28. hxg7+ Bxg7 29. Rxd4 Bxd4 30. Qg4
$18) (21... a3 22. b3 Rc3 23. Rhe1 $16) 22. Nf5 (22. Qf5 Qc7 23. a3 g6) 22...
Bf8 23. a3 $16) 19... a4 20. Nd4 Rc5 (20... a3 $6 21. b3 Rc5 22. Bxd7 Qxd7 23.
c4 $16) 21. Bxd7 (21. g6 hxg6 $1 (21... fxg6 $2 22. h5 $1 (22. Ne6 Qb6 23. Nxc5
Nxc5 24. Qxf4 Bf6 $44) 22... gxh5 (22... g5 $2 23. h6 Bf6 (23... g6 24. Ne6 Qb6
25. Nxc5 Nxc5 26. Qd4 $18) 24. Be6+ Kh8 25. hxg7+ Kxg7 26. Nf5+ $18) 23. Rxh5
Nf6 24. Be6+ Kh8 25. Rh2 $16) 22. h5 g5 $1 (22... gxh5 $2 23. Rxh5 g6 (23...
Bf6 24. Rdh1 g6 25. Ne6 Qb6 26. Rh8+ $1 Bxh8 27. Rxh8+ Kxh8 28. Qh2+ Kg8 29.
Qh6 $18) 24. Ne6 Qb6 (24... fxe6 25. Bxe6+ Kg7 26. Qxf4 gxh5 27. Rg1+ $18) 25.
Rh8+ Kxh8 26. Qh2+ Kg8 27. Rh1 $18) 23. h6 g6 24. h7+ Kh8 $132) 21... Qxd7 22.
Qxf4 (22. a3 $142 Rxd5 23. Qxf4 $14) 22... a3 $1 23. b3 $6 (23. Qf5 Qa4 (23...
Qc7 24. b3 Rxd5 $2 25. Qxd5 Qc3 26. Kc1 Qe3+ 27. Rd2 Qc3 28. Rdh2 $18) 24. b3
Qb4 (24... Qa5 25. c4 $16) 25. Rd3 Bf8 (25... Rc4 26. Qe4 $16) 26. Qe4 (26. h5
Re8 $132) 26... Rc7 $14) (23. Nf5 axb2 24. Rhe1 Bf8 25. Nh6+ $1 {(Fontaine)}
Kh8 (25... gxh6 $2 26. gxh6 f5 27. Re6 $18) 26. Nxf7+ Kg8 27. Nh6+ Kh8 28. Qf7
Qxf7 29. Nxf7+ Kg8 30. g6 hxg6 31. Ng5 Rca5 32. Kxb2 Rxa2+ 33. Kc1 Rc8 34. Re2
Be7 35. Rd4 $14) 23... Rxd5 $13 24. c4 (24. Rhe1 Bf8) 24... Re5 25. Rhe1 Bf8 $1
(25... Rxe1 26. Rxe1 d5 27. Qf5 (27. Nf5 Bb4 28. Rd1 Qe6 29. Rxd5 Qe1+ 30. Qc1
Qf2 $44) 27... Qxf5+ 28. Nxf5 Bb4 29. Rc1 dxc4 30. Rxc4 Bf8 $11) 26. Nb5 $6 {
/\ Nc3-d5} (26. Rxe5 dxe5 27. Qxe5 (27. Qf5 $2 Qd6 $17) 27... Rd8 28. Kc2 g6
29. Qe2 Qh3 $44) (26. Re4 $5 Qh3 $13) 26... Rxe1 (26... Qh3 27. Rh1 $1 Qe6 (
27... Qg2 28. Rh2) 28. Nc3 $14) 27. Rxe1 d5 $1 28. Rd1 (28. Nc7 $4 Bd6 $19)
28... Qe6 $1 29. Rxd5 (29. Nc7 $2 Qg6+ 30. Kc1 Bd6 $19) (29. cxd5 $2 Qe2 $19) (
29. Nd4 $2 Qg6+ 30. Qf5 dxc4 31. Qxg6 hxg6 32. bxc4 Ra4 33. Rc1 Bc5 34. Nb3 Bf2
$17) 29... Qe2 $1 $15 30. Rd2 $2 (30. Qe5 Qxf3 31. Qe1 {->> 30.Qd2} (31. Nc7
Rc8 32. Rd7 Qf2 33. h5 Rxc7 $1 34. Rxc7 Qd2 $19) (31. Rd7 Qf1+ 32. Kc2 Qf2+ 33.
Rd2 (33. Kb1 $2 Re8 $19) 33... Qxh4 $17)) (30. Qd2 Qxf3 31. Qe1 $5 $15) 30...
Qe1+ 31. Kc2 Qa1 (31... Bb4 $5 $19) 32. Nc3 (32. Kd3 Bb4 $19) 32... Bb4 $19 33.
Qd4 Qb2+ 34. Kd3 Bxc3 35. Qxc3 Rd8+ 36. Ke2 Re8+ (36... Re8+ 37. Kd3 Re3+ $19)
0-1

[Event "Olympiad-32"]
[Site "Yerevan"]
[Date "1996.09.28"]
[Round "12.1"]
[White "Shirov, Alexei"]
[Black "Lalic, Bogdan"]
[Result "0-1"]
[WhiteElo "2685"]
[BlackElo "2565"]
[Annotator "Lempert,I"]
[PlyCount "66"]
[EventDate "1996.09.15"]
[EventType "team-swiss"]
[EventRounds "14"]
[EventCountry "ARM"]
[SourceTitle "CBM 055"]
[Source "ChessBase"]
[SourceDate "1996.12.01"]
[SourceVersion "1"]
[SourceVersionDate "1996.12.01"]
[SourceQuality "1"]
[WhiteTeam "Spain"]
[BlackTeam "Croatia"]
[WhiteTeamCountry "ESP"]
[BlackTeamCountry "CRO"]

1. e4 c5 2. Nf3 d6 3. d4 cxd4 4. Nxd4 Nf6 5. Nc3 a6 6. Be3 e5 7. Nb3 Be6 8. f3
Be7 9. Qd2 h5 $5 10. Bd3 (10. O-O-O Nbd7 11. Kb1 Rc8 (11... O-O 12. Nd5 Nxd5
13. exd5 Bf5 14. Bd3 Bxd3 15. Qxd3 Bg5 $132) (11... O-O 12. Nd5 Nxd5 13. exd5
Bf5 14. Bd3 Bxd3 15. Qxd3 Bg5 $132 {Cvicela,A-Debnar,M/SVK/1993/}) 12. g3 $6
Qc7 13. h3 b5 14. Rh2 Nb6 $15 {Novgorodskij,V-Popov,V/St-Petersburg/1996/})
10... Nbd7 11. f4 b5 12. f5 Bc4 13. a4 O-O 14. O-O Rc8 15. axb5 axb5 16. Bxc4 (
16. Nxb5 Nxe4 17. Bxe4 Bxb5 $15) 16... Rxc4 17. Qd3 Qc8 18. Nd2 (18. Nxb5 Rxc2)
18... Rb4 $1 19. b3 $1 (19. Ra2 Nc5 20. Bxc5 Qxc5+ 21. Kh1 Rc8 $15) 19... Nc5
20. Nd5 $8 Nxd5 21. Qxd5 Bg5 $1 22. Bf2 $2 (22. Bxg5 $2 Rd4 $17) (22. Bxc5 $1
dxc5 (22... Qxc5+ 23. Qxc5 dxc5 24. c3 $16) 23. c3 Be3+ (23... Rd8 24. Qxe5 Bf6
25. Qg3 Rxd2 26. cxb4 Bxa1 27. Rxa1 Qd8 $1 28. h3 cxb4 $14) 24. Kh1 Bd4 $1 25.
cxd4 (25. cxb4 Rd8 $13) 25... Rxd4 26. Qxe5 Rxd2 $13) 22... Bxd2 23. Qxd2 Rxe4
24. f6 $2 (24. Qxd6 Nd7 $1 $15) 24... gxf6 25. Qh6 Qg4 26. Be3 $2 (26. Bxc5
$142 dxc5 27. Qxf6 $17) 26... f5 27. Qxd6 Ne6 28. Rae1 Rc8 29. Qd3 b4 30. Rf3
h4 31. Ref1 Rd8 32. Qb5 f4 33. Qb7 Ng5 0-1

[Event "Gibraltar Masters 10th"]
[Site "Caleta"]
[Date "2012.01.27"]
[Round "4"]
[White "Vachier Lagrave, Maxime"]
[Black "Arnold, Marc Tyler"]
[Result "1-0"]
[WhiteElo "2699"]
[BlackElo "2482"]
[Annotator "Let's Check"]
[PlyCount "81"]
[EventDate "2012.01.24"]
[EventType "swiss"]
[EventRounds "10"]
[EventCountry "GGB"]
[SourceTitle "CBM 147"]
[Source "ChessBase"]
[SourceDate "2012.03.16"]
[SourceVersion "1"]
[SourceVersionDate "2012.03.16"]
[SourceQuality "1"]

1. e4 c5 2. Nf3 d6 3. d4 cxd4 4. Nxd4 Nf6 5. Nc3 a6 6. Be3 e5 7. Nf3 Be7 8. Bc4
O-O 9. O-O Nc6 10. Qd3 Bg4 11. Nh4 Be6 12. Bb3 Bxb3 13. axb3 Nxe4 14. Nf5 Nxc3
15. bxc3 Qd7 16. Rfd1 d5 17. Qe4 Rfd8 18. Nxe7+ Qxe7 19. Rxd5 Rxd5 20. Qxd5 Rd8
21. Qc4 Rd7 22. h4 Qd8 23. Qg4 Rd6 24. h5 Qd7 25. Qe2 h6 26. Re1 f5 27. Qf3 Qe6
28. c4 Rd7 29. Rd1 Rxd1+ 30. Qxd1 Kf7 31. Bc5 Kf6 32. Qd3 a5 33. c3 Qe8 34. b4
axb4 35. cxb4 Qd8 36. Bd6 Qa8 37. b5 Nd8 $2 (37... Qa1+ 38. Kh2 e4 $11) 38. Qg3
$18 Qa1+ 39. Kh2 g5 40. hxg6 Ne6 41. Qh4+ 1-0

[Event "EU-ch 13th"]
[Site "Plovdiv"]
[Date "2012.03.22"]
[Round "3"]
[White "Inarkiev, Ernesto"]
[Black "Ter Sahakyan, Samvel"]
[Result "1-0"]
[WhiteElo "2695"]
[BlackElo "2578"]
[Annotator "Let's Check Training"]
[PlyCount "77"]
[EventDate "2012.03.20"]
[EventType "swiss"]
[EventRounds "11"]
[EventCountry "BUL"]
[SourceTitle "CBM 148"]
[Source "ChessBase"]
[SourceDate "2012.05.16"]
[SourceVersion "1"]
[SourceVersionDate "2012.05.16"]
[SourceQuality "1"]

1. e4 c5 2. Nf3 d6 3. d4 cxd4 4. Nxd4 Nf6 5. Nc3 a6 6. Be3 e5 7. Nb3 Be7 8. f3
Be6 9. Qd2 O-O 10. O-O-O a5 11. Qe1 Qc8 12. a4 Nc6 13. Kb1 Nb4 14. g4 Rd8 15.
Bb6 Rf8 16. Bxa5 Bxb3 17. Bxb4 Bxa4 18. Nxa4 Rxa4 19. Bb5 Ra7 20. Qe3 Qa8 21.
c3 Ne8 22. Bc4 Nf6 23. Kc2 Rc8 24. Bb5 Ne8 25. Qb6 Bd8 26. Qg1 Ba5 27. Bxa5
Rxa5 28. Qb6 Ra2 29. Rd3 Nc7 30. Bc4 Ra4 31. Qb3 Rf8 $2 (31... Kh8 32. Rhd1 f6
$16) 32. Rxd6 $18 b5 {[%tqu "En","","","","c4f7","",10]} 33. Bxf7+ $1 (33. Bxb5
$2) 33... Kh8 34. Rhd1 Ra1 (34... Qc8 35. Rd7 Qb8 $18) 35. Rxa1 $18 Qxa1 36.
Qa3 Qxa3 37. bxa3 g6 38. Rd7 Na6 39. g5 1-0

[Event "Berliner Sommer 15th"]
[Site "Berlin"]
[Date "1997.??.??"]
[Round "2"]
[White "Gullaksen, Eirik Tvedt"]
[Black "Lautier, Joel"]
[Result "0-1"]
[WhiteElo "2320"]
[BlackElo "2660"]
[Annotator "Lorenz,J"]
[PlyCount "96"]
[EventDate "1997.08.??"]
[EventType "swiss"]
[EventRounds "9"]
[EventCountry "GER"]
[SourceTitle "CBM 059 Extra"]
[Source "ChessBase"]
[SourceDate "1997.09.26"]
[SourceVersion "1"]
[SourceVersionDate "1997.09.26"]
[SourceQuality "1"]

1. e4 c5 2. Nf3 d6 3. d4 cxd4 4. Nxd4 Nf6 5. Nc3 a6 6. Be3 e5 7. Nb3 Be6 8. f3
Nbd7 9. g4 h6 10. Qd2 Be7 11. h4 b5 12. O-O-O Nb6 13. Qf2 Rb8 14. Nc5 Bc8 15.
Nd3 Nc4 16. Nb4 Nxe3 17. Qxe3 Bb7 18. Kb1 Nd7 19. Qf2 Nc5 20. Ncd5 O-O 21. g5
h5 22. Bh3 a5 23. Nxe7+ Qxe7 24. Nd5 Bxd5 25. Rxd5 b4 26. Rhd1 Rb6 27. Qd2 Nb7
28. Qe3 Qc7 29. f4 exf4 30. Qxf4 Re8 31. g6 fxg6 32. Qg5 Qf7 33. Rf1 Rxe4 34.
b3 Qe8 35. Qg1 Nc5 36. Rg5 Rb8 37. Rxg6 Qe7 38. Bg2 Re5 39. Qd4 a4 40. Qd2 axb3
41. axb3 Kh7 42. Qxd6 Re1+ 43. Kb2 Nd3+ 44. Ka2 Qa7+ 45. Qa6 Qd4 46. Rh6+ Kg8
47. c3 {[#]} Re2+ ({Ein effektvollerer Abschluß wäre} 47... Ra1+ 48. Kxa1 {
[%csl Gb1,Gb2]} (48. Rxa1 Qf2+) 48... Qxc3+) 48. Kb1 bxc3 0-1

[Event "Olympiad-32"]
[Site "Yerevan"]
[Date "1996.09.18"]
[Round "3.3"]
[White "Van der Wiel, John"]
[Black "Marinelli, Tullio"]
[Result "1-0"]
[WhiteElo "2535"]
[BlackElo "2425"]
[Annotator "Makarichev,S"]
[PlyCount "73"]
[EventDate "1996.09.15"]
[EventType "team-swiss"]
[EventRounds "14"]
[EventCountry "ARM"]
[SourceTitle "CBM 055"]
[Source "ChessBase"]
[SourceDate "1996.12.01"]
[SourceVersion "1"]
[SourceVersionDate "1996.12.01"]
[SourceQuality "1"]
[WhiteTeam "Netherlands"]
[BlackTeam "Italy"]
[WhiteTeamCountry "NED"]
[BlackTeamCountry "ITA"]

1. e4 c5 2. Nf3 d6 3. d4 cxd4 4. Nxd4 Nf6 5. Nc3 a6 6. a4 e5 7. Nde2 h6 (7...
Be7 8. g3 Be6 9. Bg2 Nbd7 10. h3 Rc8 $132 {Kamsky,G-Lautier,J/Amber rapid/1996/
}) 8. g3 Be7 9. Bg2 Nbd7 $5 10. h3 Rb8 (10... b6 $5) 11. a5 $1 $14 b5 12. axb6
Nxb6 13. b3 $1 Qc7 14. O-O O-O 15. Be3 $14 {<->a,xa6/} Nbd7 16. Qd2 a5 $6 17.
Ra2 Ba6 18. Rfa1 Rfc8 19. Nd1 (19. Rxa5 $4 Bxe2 $15) 19... Bd8 20. Nec3 (20.
Rxa5 $2 Bxe2 21. Qxe2 Qxc2 22. Qxc2 Rxc2 23. Ra8 Rcc8 24. Rxb8 Rxb8 $10) 20...
Qc6 21. Nd5 $1 Nxd5 22. exd5 Qb7 23. Bxh6 $3 gxh6 24. Qxh6 Nf8 (24... Bf6 $2
25. Ra4 $18) 25. Ne3 (25. Ra4 Ng6 (25... Rxc2 $2 26. Rg4+ Ng6 27. Be4 $18) 26.
Rg4 $140 $6 Be2 $132) 25... f6 (25... Ng6 $6 26. Nf5 Bf6 27. Rxa5 Be2 28. Nxd6
$16) 26. Ra4 Qh7 27. Rg4+ Kf7 (27... Kh8 $4 28. Qxf8+) 28. Qxh7+ Nxh7 29. Nf5
Rc7 $2 $138 (29... Kf8 $1 30. Nxd6 (30. Nh6 $6 Ng5 (30... Rxc2 $2 31. Be4 $5
$16) 31. h4 Be2 $1 $132) (30. Ng7 $2 Ng5 $1) (30. h4 $5 Rxc2 31. Nh6 $5 (31.
Be4 $2 Re2 32. Nh6 Rxe4 $1 $15) 31... Bd3 32. Rg8+ Ke7 33. Rd1 (33. Rg7+ Kf8
34. Rf7+ Ke8 $15) (33. Ra4 Rb4 $1 (33... Rxb3 $2 34. Rag4 Kd7 35. R4g7+ Kc8 36.
Nf7 $18)) 33... Rxb3 34. Bh3 $1 Nf8 35. Rg7+ (35. Bf5 Bxf5 36. Nxf5+ Ke8 (36...
Kf7 $4 37. Rg7+ Ke8 38. Nxd6#) 37. Nxd6+ (37. h5 Bb6 38. Nxd6+ Ke7 39. Ne4 f5
40. Rg7+ Kd8 41. Rg8) 37... Ke7 38. Nf5+ Ke8 39. d6) 35... Ke8 36. Bg4 Bb6 37.
Bh5+ Kd8 38. Nf7+ Kc8 39. Nxd6+ Kb8 $15 40. Rb7+ Ka8 41. Rxd3 Bxf2+ 42. Kf1
Rxd3) 30... Rc7 $1 (30... Rxc2 $2 31. Be4 $16) 31. Rxa5 Be2 $13) (29... Ng5 $6
30. Nxd6+ Ke7 31. Nxc8+ Rxc8 32. c4 $16) 30. Rxa5 $16 Be2 (30... Rb6 31. h4 $1
$16) 31. Rg7+ Kf8 32. Rxc7 Bxc7 33. Ra7 Rc8 34. h4 $1 $18 {xh7,g5/} Bg4 35. Be4
Ke8 36. Kg2 Be2 (36... Nf8 37. f3 Bxf5 (37... Bh5 38. Ng7+ $18) 38. Bxf5 Nd7
39. h5 Bb6 40. Rb7 Rc7 41. Rxc7 Bxc7 42. Bxd7+ Kxd7 43. h6 $18) 37. Ng7+ (37.
Ng7+ Kf7 38. Ne6 $18 (38. Bxh7 Kxg7 39. Bf5 $18)) 1-0

[Event "EU-ch 12th"]
[Site "Aix les Bains"]
[Date "2011.03.23"]
[Round "2"]
[White "Gharamian, Tigran"]
[Black "Esen, Baris"]
[Result "0-1"]
[WhiteElo "2650"]
[BlackElo "2528"]
[Annotator "Marchand,A/Primel,D"]
[PlyCount "154"]
[EventDate "2011.03.22"]
[EventType "swiss"]
[EventRounds "11"]
[EventCountry "FRA"]
[SourceTitle "CBM 142 Extra"]
[Source "ChessBase"]
[SourceDate "2011.06.27"]
[SourceVersion "1"]
[SourceVersionDate "2011.06.27"]
[SourceQuality "1"]
[TimeControl "40/5400+30:1800+30"]

1. e4 c5 2. Nf3 d6 3. d4 cxd4 4. Nxd4 Nf6 5. Nc3 a6 6. Be3 e5 (6... e6) (6...
Ng4) 7. Nb3 (7. Nf3 {L'alternative} Be7 8. Bc4) 7... Be6 (7... Be7) 8. Qd2 (8.
f3 h5 9. Qd2 Nbd7 10. Nd5 Bxd5 11. exd5 g6 $5 (11... Qc7 12. c4 a5 $132 {
[%csl Gb4,Gc5];Nolte,R (2420)-Gopal,G (2604) Asian Continental op 9th 2010 (1)
0-1}) 12. Be2 Bg7 13. O-O O-O 14. Na5 {[%csl Rb7,Rc6];Leko,P (2737)-Wojtaszek,
R (2717) Istanbul ol (Men) 40th 2012 (6.1) 1/2} (14. Rac1 $5 {[%cal Gc2c4]}))
8... Nbd7 9. O-O-O (9. f3 {[%cal Gg2g4] La grande ligne}) 9... Be7 10. f4 {89}
b5 (10... Ng4 $5 11. g3 (11. Bg1 $6 exf4 {[%cal Ge7g5]}) 11... Nxe3 12. Qxe3
O-O 13. Kb1 {[%cal Gf4f5]} b5 14. f5 Bc4 15. Bxc4 (15. h4) 15... bxc4 {[%csl
Rb2]} 16. Nd2 Nb6 $132 {Vuckovic,B (2576)-Gritsenko,A (2403) Moscow op-A 2009 
(4) 1/2}) 11. Kb1 (11. f5 Bc4 12. g4 Nxg4 13. Rg1 Nxe3 14. Qxe3 Bxb3 15. cxb3
O-O 16. Kb1 Nb6 17. Be2 Bf6 18. Rg3 Re8 19. Qd2 Ra7 20. Qxd6 Rd7 21. Qc6 Rd4
22. Rgd3 Qb8 23. Nd5 Nxd5 24. exd5 Rxd3 25. Bxd3 e4 26. Be2 Qe5 27. Qc2 Qxf5
28. d6 Qe5 29. d7 Rd8 30. a3 g6 31. Ka2 Bg7 32. Rd2 f5 33. Qc8 Qf6 34. Qc7 f4
35. Bg4 h5 36. Be6+ Kh7 37. Bd5 e3 38. Rg2 f3 39. Rc2 e2 {0-1 (39) Jakovenko,D
(2741)-Karjakin,S (2775) Moscow 2012}) 11... Rc8 {[%csl Gc4]} 12. h3 {Le
français aimait bien cette ligne secondaire qui lui avait d'ailleurs apporté
un point contre Hoang mon coéquipier en N1 mais c'est très lent et après cette
partie, je ne suis pas sur qu'il la rejoue prochainement.} (12. f5 $142 Bc4 13.
g4 $5 Nxg4 14. Rg1 Nxe3 15. Qxe3 Qb6 16. Qg3 $44 {Ni Hua (2701)-Vitiugov,N 
(2681) CHN-RUS Summit Men 6th Rapid 2009 (10) 1-0}) 12... h5 $1 {[%csl Gg4]} (
12... O-O 13. g4 $36) (12... b4 13. Nd5 Nxe4 14. Qxb4 Bxd5 15. Rxd5 $14 {
Gharamian,T (2614)-Pham Minh Hoang (2487) FRA-chT1 0910 2009 (2.1) 1-0}) 13. f5
{Après 30 mns de réflexion sur ce coup} Bc4 {01h29} 14. Bxc4 (14. a3 Qc7 15.
Bd3 h4 16. Rhg1 d5 17. Nxd5 Nxd5 18. exd5 Bxd5 19. Bxb5 axb5 20. Qxd5 b4 21. a4
Qxc2+ 22. Ka2 Qxf5 23. Rgf1 Qe6 24. Qxe6 fxe6 25. Rc1 Ra8 26. a5 Nf6 27. Rc7
Nd5 28. Ra7 Rxa7 29. Bxa7 Kd7 30. Kb1 Ra8 31. Bg1 g5 32. Kc2 Nf4 33. Ra1 Kc6
34. a6 Nxg2 35. a7 Nf4 36. Na5+ Kb5 37. Kb3 Nxh3 38. Be3 Bc5 39. Bxc5 Kxc5 40.
Nc4 Nf4 41. Ra5+ Kd4 42. Nxe5 h3 43. Ng4 Nd3 {Sivuk,V (2482)-Matuszewski,M 
(2375) Krakow 2012 0-1 (68)}) 14... bxc4 15. Nc1 h4 $1 {[%csl Rg3] Les Blancs
n'ont plus d'espoir d'attaque а l'aile-roi} 16. Rhe1 {Un peu passif d'être
limité а la défense du Pe4 mais la Rh1 n'avait pas vraiment d'autres choix.}
Rb8 $1 {[%csl Rb2]} 17. Bg5 (17. Ka1 $142 Qc7 {[%cal Gc7b7]} 18. Bg5 Qb7 19. b3
Qc6 20. N1e2 a5 21. Nd5 Nxe4 22. Nxe7 Qc5 $13 23. Qc1 cxb3 24. cxb3 Qxc1+ 25.
Rxc1 Nxg5 26. Nc6 Ra8 27. Nc3 {[%cal Gc3a4,Gc3d5]}) 17... Qb6 $132 18. b3 {
Le signe que la partie a mal tourné pour le français} Qc6 {[%csl Re4]} 19. Bxf6
Nxf6 20. Nd5 $6 {Les Blancs vont gagner un P mais sans résoudre leurs
problèmes et le Nc3 était un défenseur important du roque} Nxd5 21. Qxd5 Qc7 {
[%csl Rb1]} 22. Ka1 O-O 23. Qxc4 $6 Qxc4 $1 24. bxc4 Rfc8 $36 {[%csl Ra1,Gb8]}
25. Rd3 Rxc4 26. c3 d5 $1 $40 {[%csl Ra1][%cal Ge7a3,Ga3b2] Sans surprise le K
Blanc est coupé par la Rb8 et les Noirs ont maintenant une forte attaque même
sans les Q} 27. Rxd5 Rxc3 (27... Ba3 28. Nd3 Rxc3 29. Rb1 Rxb1+ 30. Kxb1 f6 31.
Rd7 Kh7 {[%csl Rb1][%cal Gh7h6]}) 28. Nd3 f6 29. Rc1 Rxc1+ 30. Nxc1 Rb4 31. Rd7
Bf8 32. Ne2 Rxe4 {[%csl Ge5]} 33. Nc3 Rf4 $19 34. Ra7 Rxf5 35. Rxa6 Rf2 36. a4
Bc5 (36... Rxg2 37. a5 Rg3 38. Kb2 Rxh3 39. Ra8 Rd3 40. a6 Rd6 (40... h3 $4 41.
a7 h2 42. Rxf8+) 41. a7 Ra6 $19) 37. Rc6 Bd4 38. Kb1 f5 (38... Rxg2 {Plus
simple}) 39. Nb5 Rb2+ 40. Kc1 Rb4 (40... Rxg2 {Les Noirs devaient avoir le
temps de prendre le P car le P"a" est encore loin de la promotion}) 41. Nxd4
Rxd4 42. Rc5 (42. a5 Ra4 (42... e4 43. a6 Ra4)) 42... Rxa4 43. Rxe5 g6 44. Re2
Kf7 (44... Rd4 {[%csl Rc1]}) 45. Rb2 Rd4 {[%csl Rc1] Coupe le R et les Noirs
ont encore des petites chances de gain.} 46. Re2 Kf6 47. Kc2 Kg5 $2 (47... Re4
$1 48. Rd2 (48. Kd2 Rxe2+ (48... Kg5) 49. Kxe2 g5) 48... Ke5 {[%csl Rc2,Rg2]
[%cal Ge5f4,Gf4g3]} 49. Kd3 (49. Kd1 Rd4)) 48. Kc3 Rd1 49. Rf2 Kf6 50. Re2 Rd6
51. Kc2 g5 52. Kc3 g4 53. Rd2 $4 {Il ne s'agit pas d'une erreur de saisie et
c'est bien Rd2 qui a été joué.} Ra6 $2 {Les deux adversaires avaient pourtant
30 mns en phase KO plus l'incrément de 30 s mais il y a beaucoup d'erreurs
dans la finale} (53... Rxd2 $8 54. Kxd2 gxh3 55. gxh3 f4 56. Ke2 Ke5 57. Kf3
Kf5 $19) 54. Kd3 Ra3+ $2 (54... Rd6+ $8 {Les Noirs avaient une nouvelle chance
d'échanger les R}) 55. Ke2 gxh3 56. gxh3 Rxh3 57. Rd8 Kg5 58. Kf2 Kg4 59. Kg2 {
Le K Blanc a fait le plus dur pour annuler} Ra3 (59... Rg3+ $142) 60. Rg8+ Kf4
61. Rb8 Re3 62. Rb4+ Kg5 63. Rb8 Rd3 64. Ra8 h3+ 65. Kh2 (65. Kf2 {Une
nouvelle erreur du plateau DGT et c'est Kh2 qui a été joué} f4 66. Rf8 Re3 67.
Rg8+ Kh4 68. Rh8+ Kg4 69. Rg8+ Kf5 70. Rg7 Ke4 71. Ra7 Rd3 72. Ra8 Rb3 73. Ra7
f3 74. Re7+ Kf4 75. Kg1 Rb1+) 65... f4 66. Rf8 Re3 67. Rg8+ Kh4 68. Rh8+ Kg4
69. Rg8+ Kf5 70. Rg7 Ke4 71. Ra7 Rd3 72. Ra8 Rb3 73. Ra7 f3 74. Re7+ $4 $138 (
74. Kxh3 f2+ 75. Kg2 $11 Ke3 76. Re7+ Kd3 77. Kxf2) 74... Kf4 75. Kxh3 {
Trop tard!} Rb1 76. Rf7+ Ke3 77. Re7+ Kf2 0-1

[Event "EU-ch 12th"]
[Site "Aix les Bains"]
[Date "2011.03.26"]
[Round "5"]
[White "Bellaiche, Antony"]
[Black "Navara, David"]
[Result "1/2-1/2"]
[WhiteElo "2472"]
[BlackElo "2722"]
[Annotator "Marchand,A/Primel,D"]
[PlyCount "95"]
[EventDate "2011.03.22"]
[EventType "swiss"]
[EventRounds "11"]
[EventCountry "FRA"]
[SourceTitle "CBM 142 Extra"]
[Source "ChessBase"]
[SourceDate "2011.06.27"]
[SourceVersion "1"]
[SourceVersionDate "2011.06.27"]
[SourceQuality "1"]
[TimeControl "40/5400+30:1800+30"]

1. e4 c5 2. Nf3 d6 3. d4 cxd4 4. Nxd4 Nf6 5. Nc3 a6 6. Be3 e5 7. Nb3 (7. Nf3) (
7. Nde2) 7... Be6 8. Qd2 (8. f3 {La grande ligne} Be7 9. Qd2 O-O 10. O-O-O a5)
8... Nbd7 9. O-O-O {[%emt 0:01:30]} Rc8 10. f4 {74 le coup naturel joué
pourtant après une longue réflexion} b5 {[%emt 0:01:34]} 11. f5 ({RR} 11. Kb1
Qc7 12. h3 h5 13. Bd3 h4 14. Nd5 Bxd5 15. exd5 e4 16. Rhe1 Be7 17. Be2 Nb6 18.
Bg4 Nc4 19. Qf2 Nxg4 20. hxg4 h3 21. Bd4 h2 22. c3 Qb7 23. Qe2 Kf8 24. g5 a5
25. Qxe4 a4 {Topalov,V (2801)-Leko,P (2740)/Monte Carlo 2006/CBM 111 ext/0-1 
(46)}) 11... Bc4 12. Kb1 Be7 13. Bxc4 {[%emt 0:01:08]} bxc4 $146 {89 Les Noirs
continuent de jouer а tempo} ({RR} 13... Rxc4 14. Qd3 O-O 15. Nd2 Nc5 16. Bxc5
Rxc5 17. Nd5 Nxd5 18. exd5 f6 19. Ne4 Rc4 20. b3 Rd4 21. Qe3 Rxd1+ 22. Rxd1 Qd7
23. g4 Rb8 24. h4 b4 25. Qd3 Qb5 26. Qf3 Rf8 27. g5 Qd7 28. Rf1 {Mekhitarian,K
(2504)-Humphrey,J (2289)/Barcelona 2008/CBM 126 Extra/1-0 (59)}) 14. Nc1 Qc7
15. g4 {[%emt 0:01:04]} Qb7 $1 {[%csl Rb2][%cal Gc8b8] 88} (15... Nxg4 16. Rhg1
$44 {[%csl Re8,Rg7]}) (15... Rb8) 16. Qg2 Rb8 $132 {[%csl Rb2]} 17. b3 {
[%emt 0:01:00]} Qc6 {[%emt 0:01:23]} 18. N1e2 {[%emt 0:00:51]} cxb3 {[%emt 0:
01:21]} 19. cxb3 $1 (19. axb3 Nc5 $132 {[%cal Gc5e4,Gc5b3]}) 19... Rb4 (19...
Nc5 $5 {[%csl Re4]}) 20. g5 $1 {[%emt 0:00:39]} Nxe4 {[%emt 0:01:20]} 21. Ka1
Qb7 22. Nd5 Nec5 (22... a5 {[%cal Ga5a4]} 23. Nxb4 axb4 24. g6 d5 $44) 23. Nec3
{[%emt 0:00:36]} Bd8 {70 Les Noirs continuent de jouer très vite mais ils
commencent а être nettement moins bien} 24. Rhg1 $36 Ba5 25. Nxb4 Bxb4 26. Nd5
Ba3 {Les compensations du Top GMI sont assez maigres} (26... a5 {[%cal Ga5a4]})
27. Bd2 $2 {[%emt 0:00:19]} (27. Bxc5 $1 Nxc5 28. b4 {[%csl Ra3][%cal Gd5f6,
Gg2b7]} Bxb4 29. Nxb4 Qxb4 30. Qc6+) 27... Nb6 {[%emt 0:00:55]} 28. Ba5 $6 {
[%emt 0:00:16] Les Blancs avaient pourtant assez de temps а la pendule mais
après avoir raté le gain, le 2ème coup faible d'affilée va laisser les noirs
revenir dans la partie.} (28. Nxb6 $142 Qxb6 29. Qa8+ Qd8 30. Qxd8+ Kxd8 31.
Rg4 $14 {[%csl Ra3,Rc5][%cal Gb3b4]} (31. b4 {[%csl Ra3][%cal Gg1g3,Gg3a3]} Ne4
)) 28... Nxd5 29. Qxd5 Qxd5 30. Rxd5 Kd7 (30... Ke7 $142 {Moins risqué}) 31.
Rgd1 Ne4 32. Rxe5 Nf2 33. Rd4 Rc8 34. Re1 Rc5 35. Ra4 Nd3 36. Rxa3 (36. Rf1 {
[%csl Ra3]} Bc1 37. Bb6 {Il est difficile pour les Noirs de pas perdre du
matériel}) 36... Nxe1 37. Bxe1 Rc1+ 38. Kb2 Rxe1 39. Rxa6 Re2+ 40. Kc3 Rxh2 41.
Ra7+ Kc6 42. Rxf7 Rxa2 43. Rxg7 Rf2 44. Rf7 Rg2 45. Rxh7 Rxg5 46. f6 Rf5 47. f7
d5 48. Kd4 1/2-1/2